000 00450 a2200169 4500
003 Nust
005 20170207153357.0
040 _cNust
082 _a005.1
100 _aHassan , TC Ghulam BESE-11
245 _aAutomated trafficability model (Hard / Soft-copy)
_cTC Ghulam Hassan & Capt Umar Maqsood BESE-11
260 _bMCS
_cAugust 2009
300 _a68 p
538 _aAlmirah No 71 Shelf No 5
650 _aUG Projects
651 _aUG CS Projects
942 _cTHS
999 _c184823
_d184823